Normal view
MARC view
Entry Nombre personal
001 - NÚMERO DE CONTROL
- campo de control: 14347
003 - IDENTIFICADOR DE NÚMERO DE CONTROL
- campo de control: BP
005 - FECHA Y HORA DE LA ÚLTIMA TRANSACCIÓN
- campo de control: 20220712114653.0
008 - ELEMENTOS DE DATO DE LONGITUD-FIJA
- campo de control de longitud fija: 220712|| aca||aabn | a|a d
040 ## - FUENTE DE CATALOGACIÓN
- Centro catalogador/agencia de origen: BP
- Centro/agencia transcriptor: BP
100 ## - ENCABEZAMIENTO-NOMBRE DE PERSONA
- Nombre de persona: Dabney, Robert L
670 ## - FUENTE DE DATOS ENCONTRADOS
- Cita de la fuente: Work cat.: (BP)10302: Dabney, Robert L. , Discussion by Robert L. Dabney...vol. 1; theological and evangelical.
